[Event "AUTO-MASTER-1970"]
[Site "http://www.queenalice.com/game.php?id=1227296"]
[Date "2013.10.26"]
[Round "1"]
[White "VFA2013"]
[Black "ocbruno"]
[Result "0-1"]
[WhiteElo "1980"]
[BlackElo "2099"]

1. d4 Nf6 2. c4 d6 3. Nc3 Bf5 4. Nf3 h6 5. h3 Nc6 6. e3 Nb4 7. Qa4+ Nc6 8. d5 b5
9. Qxb5 Rb8 10. Qxc6+ Bd7 11. Qa6 c5 12. Qa3 e5 13. b3 Be7 14. Qb2 Bf5 15. Qd2
O-O 16. Be2 Ne4 17. Nxe4 Bxe4 18. O-O Bh7 19. Bb2 Bf6 20. Ne1 a5 21. Bd3 e4 22.
Bb1 Bxb2 23. Qxb2 Re8 24. Bc2 Re5 25. Bd1 Qh4 26. Nc2 Bf5 27. Kh2 g5 28. f4 gxf4
29. Rxf4 Qg5 30. Bg4 h5 31. Bxf5 Rxf5 32. Raf1 Rxf4 33. Rxf4 f5 34. h4 Qg6 35.
Na3 Kh7 36. Nb5 Rg8 37. Qf2 Kh6 38. Rxf5 Qg4 39. Nxd6 Rg7 40. Qf4+ Qxf4+ 41.
Rxf4 Rg6 42. Nxe4 a4 43. Rf6 axb3 44. Rxg6+ Kxg6 45. Nxc5 b2 46. d6 b1=Q 47. d7
Qb8+ 48. Kh1 Qc7 49. a4 Kf7 50. a5 Ke7 51. d8=Q+ Qxd8 52. a6 Qd1+ 53. Kh2 Qd6+
54. Kh1 Qxc5 55. Kh2 Qxc4 56. a7 Qc7+ 57. Kh3 Qxa7 58. e4 Qe3+ 59. Kh2 Qxe4 60.
Kh3 Qg4+ 61. Kh2 Qxh4+ 62. Kg1 Qe1+ 63. Kh2 h4 64. g3 Qxg3+ 65. Kh1 Qf3+ 66. Kh2
h3 0-1

[Event "AUTO-MASTER-1970"]
[Site "http://www.queenalice.com/game.php?id=1227297"]
[Date "2013.10.26"]
[Round "1"]
[White "ocbruno"]
[Black "VFA2013"]
[Result "1-0"]
[WhiteElo "2020"]
[BlackElo "1948"]

1. e4 e5 2. Nf3 Nc6 3. Bc4 Nf6 4. c3 a6 5. Qb3 Qe7 6. Ng5 d5 7. exd5 Na5 8. Qa4+
b5 9. Qxa5 bxc4 10. Qa4+ Nd7 11. Ne4 f5 12. Ng3 Qd6 13. Qxc4 Nb6 14. Qc6+ Bd7
15. Qxd6 Bxd6 16. O-O Nxd5 17. d3 O-O 18. Re1 f4 19. Ne4 Rae8 20. Nbd2 Nf6 21.
Nf3 Bc6 22. Re2 Nxe4 23. dxe4 Bb5 24. Re1 h6 25. b3 g5 26. h3 Bd7 27. c4 g4 28.
Nh4 gxh3 29. gxh3 Bxh3 30. Kh2 Bd7 31. Rg1+ Kh7 32. Bd2 Be7 33. Nf3 Rg8 34. Nxe5
Bc8 35. Bxf4 Rxg1 36. Rxg1 Bd6 37. Nd3 Rxe4 38. Bxd6 cxd6 39. Rd1 Bb7 40. Kg3 h5
41. f3 Re3 42. Ne1 Re6 43. f4 Kg6 44. Nc2 Re2 45. Rxd6+ Kf5 46. Nd4+ 1-0

[Event "AUTO-MASTER-1970"]
[Site "http://www.queenalice.com/game.php?id=1227298"]
[Date "2013.10.26"]
[Round "1"]
[White "VFA2013"]
[Black "gasparotto"]
[Result "0-1"]
[WhiteElo "1980"]
[BlackElo "2065"]

1. d4 d5 2. c4 c6 3. cxd5 cxd5 4. Nc3 Nf6 5. Bg5 e6 6. e3 Be7 7. Nf3 O-O 8. Bd3
h6 9. Bxf6 Bxf6 10. O-O Nc6 11. a3 Bd7 12. Rc1 Rc8 13. Qe2 Re8 14. Nb5 Qe7 15.
Nd2 a6 16. Nc3 b5 17. Nb3 Qd6 18. Nc5 e5 19. Bb1 exd4 20. Nxd7 Qxd7 21. Nd1 dxe3
22. fxe3 Ne5 23. Nf2 Nc4 24. Qg4 Qxg4 25. Nxg4 Bxb2 26. Rcd1 h5 0-1

[Event "AUTO-MASTER-1970"]
[Site "http://www.queenalice.com/game.php?id=1227299"]
[Date "2013.10.26"]
[Round "1"]
[White "gasparotto"]
[Black "VFA2013"]
[Result "0-1"]
[WhiteElo "2107"]
[BlackElo "1935"]

1. e4 e5 2. Nf3 Nc6 3. Bc4 Bc5 4. O-O d6 5. c3 Bg4 6. h3 Bxf3 7. Qxf3 Qf6 8. Qe2
Nge7 9. d3 O-O 10. Kh1 Ng6 11. Be3 Bb6 12. Nd2 h6 13. Nb3 Nh4 14. f4 Bxe3 15.
Qxe3 Qe7 16. d4 exd4 17. cxd4 Rae8 18. g3 Ng6 19. Rae1 Kh7 20. f5 Nh8 21. Rf4 f6
22. h4 a6 23. g4 b5 24. Bd5 Nb4 25. Be6 Nc2 26. Qe2 Nxe1 27. Qxe1 Nf7 28. Nc1
Nd8 29. Bb3 Nc6 30. Qf1 Nxd4 31. Bd1 c5 32. Ne2 Qe5 33. Ng3 Nc6 34. g5 fxg5 35.
hxg5 Qxb2 36. gxh6 gxh6 37. Rh4 Ne5 38. Qf4 Nf7 39. f6 Qe5 40. Qf2 Rg8 41. Nf5
Qxf6 42. Bh5 Re6 43. Bxf7 Qxf7 44. Qf4 Rgg6 45. e5 Qg8 46. Ne3 Rxe5 47. Ng4 Qd5+
48. Kg1 Qd4+ 49. Qxd4 cxd4 50. Kf2 Rf5+ 51. Ke2 Rf4 0-1

[Event "AUTO-MASTER-1970"]
[Site "http://www.queenalice.com/game.php?id=1227300"]
[Date "2013.10.26"]
[Round "1"]
[White "VFA2013"]
[Black "mthal"]
[Result "0-1"]
[WhiteElo "2013"]
[BlackElo "2010"]

1. d4 Nf6 2. c4 e6 3. Nc3 Bb4 4. e3 c5 5. Bd3 Nc6 6. Ne2 d5 7. O-O O-O 8. cxd5
exd5 9. dxc5 Bxc5 10. Qc2 Nb4 11. Qd2 Nxd3 12. Qxd3 Re8 13. Rd1 Bg4 14. f3 Be6
15. Nf4 a6 16. Kh1 Qc7 17. Nxe6 fxe6 18. Bd2 Rad8 19. Rac1 Qe5 20. Ne2 Qd6 21.
Be1 Qb6 22. Bf2 e5 23. Qc2 Bxe3 24. Bxe3 Qxe3 25. Ng3 d4 26. Nf5 Qg5 27. Ng3 d3
28. Qc4+ Kh8 29. Ne4 Nxe4 30. Qxe4 Rd4 31. Qxb7 d2 32. Rc2 Qe3 0-1

[Event "AUTO-MASTER-1970"]
[Site "http://www.queenalice.com/game.php?id=1227301"]
[Date "2013.10.26"]
[Round "1"]
[White "mthal"]
[Black "VFA2013"]
[Result "1-0"]
[WhiteElo "1993"]
[BlackElo "2030"]

1. d4 d5 2. c4 e6 3. Nc3 Nf6 4. Bg5 Be7 5. Nf3 O-O 6. Rc1 h6 7. Bh4 Nc6 8. e3
dxc4 9. Bxc4 b6 10. O-O Bb7 11. a3 Nd5 12. Nxd5 Bxh4 13. Nxh4 exd5 14. Bb5 Qf6
15. Nf3 Rac8 16. Qa4 Na5 17. b4 c6 18. Bd3 Nc4 19. Bxc4 dxc4 20. Qxa7 Ba8 21.
Qxb6 c5 22. Qxf6 gxf6 23. Rxc4 Bxf3 24. gxf3 cxb4 25. Rxc8 Rxc8 26. axb4 Rb8 27.
Rb1 Kf8 28. b5 Ke7 29. b6 Kd7 30. b7 Kc7 31. Kg2 Rxb7 32. Rxb7+ 1-0

[Event "AUTO-OPEN-3028"]
[Site "http://www.queenalice.com/game.php?id=1232609"]
[Date "2013.11.15"]
[Round "2"]
[White "VFA2013"]
[Black "sovay"]
[Result "0-1"]
[WhiteElo "1966"]
[BlackElo "2585"]

1. d4 d5 2. c4 e5 3. cxd5 Qxd5 4. Nc3 Qxd4 5. Nf3 Qxd1+ 6. Nxd1 Nc6 7. e4 Bb4+
8. Nc3 Nf6 9. Bd3 Be6 10. O-O O-O-O 11. Bc2 Nd4 12. Bd1 Nxf3+ 13. Bxf3 Bxc3 14.
bxc3 Rd3 15. Bb2 Rd2 16. Ba3 Rxa2 17. Rxa2 Bxa2 18. Ra1 Bc4 19. Bc5 a6 20. h3 b6
21. Be3 Rd8 22. Ra4 Bb5 23. Ra1 Kb7 24. g4 a5 25. Kg2 Bc6 26. Bg5 Rd6 27. Bxf6
Rxf6 28. h4 Rf4 29. Re1 a4 30. c4 a3 31. Ra1 Bxe4 32. Bxe4+ Rxe4 33. f3 Re2+ 34.
Kg3 a2 35. h5 Kc6 0-1

[Event "AUTO-OPEN-3028"]
[Site "http://www.queenalice.com/game.php?id=1232610"]
[Date "2013.11.15"]
[Round "2"]
[White "sovay"]
[Black "VFA2013"]
[Result "1-0"]
[WhiteElo "2582"]
[BlackElo "1971"]

1. e4 e5 2. f4 d5 3. exd5 Qxd5 4. Nc3 Qc5 5. Nf3 exf4 6. d4 Qd6 7. Bc4 Nf6 8.
O-O Be7 9. Ng5 O-O 10. Qd3 Nc6 11. Nd5 g6 12. Bxf4 Qd8 13. Nxf7 Rxf7 14. Bxc7
Nb4 15. Bxd8 Nxd3 16. Nxe7+ Kg7 17. Bxf7 1-0

[Event "AUTO-OPEN-3028"]
[Site "http://www.queenalice.com/game.php?id=1232611"]
[Date "2013.11.15"]
[Round "2"]
[White "VFA2013"]
[Black "kingdave"]
[Result "0-1"]
[WhiteElo "1930"]
[BlackElo "2154"]

1. d4 Nf6 2. c4 e6 3. Nc3 Bb4 4. Bg5 h6 5. Bxf6 Qxf6 6. Nf3 c5 7. e4 Nc6 8. e5
Qf5 9. a3 cxd4 10. axb4 dxc3 11. bxc3 Nxe5 12. Nxe5 Qxe5+ 13. Be2 Qxc3+ 14. Kf1
Qxb4 15. g3 O-O 16. Kg2 Qc5 17. Re1 d5 18. cxd5 Qxd5+ 19. Qxd5 exd5 20. Red1 Rd8
21. Rd4 Bd7 22. Bf3 Bc6 23. Rad1 a5 24. Bxd5 Rxd5 25. Rxd5 Rd8 26. f3 Rxd5 27.
Rxd5 Bxd5 28. Kf2 a4 0-1

[Event "AUTO-OPEN-3028"]
[Site "http://www.queenalice.com/game.php?id=1232612"]
[Date "2013.11.15"]
[Round "2"]
[White "kingdave"]
[Black "VFA2013"]
[Result "1-0"]
[WhiteElo "2160"]
[BlackElo "1949"]

1. e4 e5 2. Nf3 Nc6 3. Bc4 Nf6 4. d3 Bc5 5. c3 O-O 6. Nbd2 d6 7. h3 Be6 8. b4
Bb6 9. a4 a6 10. a5 Ba7 11. O-O Nh5 12. Nb3 Bxc4 13. dxc4 f5 14. Qd5+ Kh8 15.
Ng5 Qd7 16. Nc5 Bxc5 17. bxc5 fxe4 18. Qxe4 Nf6 19. Qd3 Rad8 20. cxd6 Qxd6 21.
Qxd6 Rxd6 22. Ba3 Rdd8 23. Bxf8 Rxf8 24. Rfe1 h6 25. Ne6 Rc8 26. Reb1 1-0

[Event "Challenge"]
[Site "http://www.queenalice.com/game.php?id=1268182"]
[Date "2014.3.26"]
[Round "-"]
[White "Lintz"]
[Black "VFA2013"]
[Result "1-0"]
[WhiteElo "1975"]
[BlackElo "1947"]

1. e4 e5 2. Nf3 Nc6 3. Bc4 Bc5 4. d4 exd4 5. Ng5 d5 6. Bxd5 Qe7 7. Bxf7+ Kf8 8.
Bd5 Nh6 9. Bxc6 bxc6 10. O-O Be6 11. Nxe6+ Qxe6 12. Qd3 Nf7 13. Nd2 Bb6 14. Nf3
h6 15. b4 a5 16. bxa5 Rxa5 17. Nxd4 Qd6 18. Nf5 Qxd3 19. cxd3 Nd6 20. Nxd6 cxd6
21. g3 Ke7 22. a3 Rf8 23. Bb2 Rf7 24. Kg2 g5 25. a4 Ke6 26. d4 g4 27. f4 gxf3+
28. Rxf3 Raa7 29. Rxf7 Rxf7 30. a5 Ba7 31. Bc3 c5 32. dxc5 Bxc5 33. Rf1 Rxf1 34.
Kxf1 d5 35. exd5+ Kxd5 36. Ke2 Ke4 37. g4 Kd5 38. Kd3 Ke6 39. Bd4 1-0

[Event "Challenge"]
[Site "http://www.queenalice.com/game.php?id=1268183"]
[Date "2014.3.26"]
[Round "-"]
[White "VFA2013"]
[Black "Lintz"]
[Result "1-0"]
[WhiteElo "1959"]
[BlackElo "2006"]

1. d4 d5 2. c4 c6 3. Nc3 Nf6 4. cxd5 cxd5 5. Nf3 e6 6. Bg5 a6 7. e3 Be7 8. Bxf6
Bxf6 9. Bd3 O-O 10. O-O Re8 11. Rc1 Nc6 12. a3 e5 13. dxe5 Nxe5 14. Nxe5 Bxe5
15. Nxd5 Bxb2 16. Rc2 Be5 17. f4 Bb8 18. e4 f6 19. Bc4 Kh8 20. Bb3 Rxe4 21. Nxf6
Ba7+ 22. Kh1 Bf5 23. Nxe4 Bxe4 24. Rd2 Qf8 25. Bd5 Bxd5 26. Rxd5 h6 27. Qd3 b5
28. Qg6 Rc8 29. Rfd1 Be3 30. Qe4 Bxf4 31. Rf5 Qxa3 32. Qxf4 Qc3 33. Rf8+ Rxf8
34. Qxf8+ Kh7 35. Qf5+ 1-0

[Event "Challenge"]
[Site "http://www.queenalice.com/game.php?id=1271410"]
[Date "2014.4.9"]
[Round "-"]
[White "AlekinePb"]
[Black "VFA2013"]
[Result "1/2-1/2"]
[WhiteElo "1918"]
[BlackElo "1964"]

1. d4 d5 2. Nf3 Nc6 3. Bf4 Bf5 4. e3 h6 5. Bb5 Nf6 6. Ne5 Bd7 7. Bxc6 Bxc6 8.
Nxc6 bxc6 9. b4 e6 10. c3 Bd6 11. Bxd6 cxd6 12. O-O Ne4 13. Qd3 O-O 14. a4 Rb8
15. Nd2 Nf6 16. Rfd1 Qb6 17. a5 Qb5 18. Qc2 c5 19. dxc5 dxc5 20. Nb3 cxb4 21.
Nd4 Qc4 22. cxb4 Rxb4 23. Rab1 Qxc2 24. Nxc2 Rc4 25. Nd4 Rfc8 26. Nb5 R8c5 27.
Nxa7 1/2-1/2

[Event "AUTO-OPEN-3027"]
[Site "http://www.queenalice.com/game.php?id=1272749"]
[Date "2014.4.13"]
[Round "2"]
[White "Betim_Xadrez"]
[Black "VFA2013"]
[Result "1-0"]
[WhiteElo "1845"]
[BlackElo "1908"]

1. e4 e5 2. Nf3 Nc6 3. Bb5 d6 4. Nc3 Bd7 5. O-O Nf6 6. d3 Be7 7. Bg5 O-O 8. a3
h6 9. Bh4 a6 10. Ba4 b5 11. Bb3 Bg4 12. h3 Bh5 13. Bxf6 Bxf6 14. Nd5 Na5 15.
Nxf6+ Qxf6 16. Ba2 Bxf3 17. Qxf3 Qxf3 18. gxf3 Kh7 19. Bd5 Rac8 20. b4 c6 21.
Bxf7 Rxf7 22. bxa5 Rxf3 23. Kg2 Rcf8 24. a4 b4 25. Rab1 c5 26. Rb2 R8f6 27. c3
bxc3 28. Rb6 Rxd3 29. Rxa6 Rd2 30. Rc1 1-0

[Event "AUTO-OPEN-3027"]
[Site "http://www.queenalice.com/game.php?id=1272750"]
[Date "2014.4.13"]
[Round "2"]
[White "VFA2013"]
[Black "Betim_Xadrez"]
[Result "0-1"]
[WhiteElo "1929"]
[BlackElo "1808"]

1. d4 Nf6 2. c4 g6 3. Nc3 d6 4. Bg5 Bg7 5. Bxf6 Bxf6 6. Nf3 Bg4 7. e3 O-O 8. Be2
c6 9. O-O Nd7 10. h3 Bxf3 11. Bxf3 Bg7 12. Rc1 a6 13. a3 Nb6 14. b4 Nxc4 15. a4
e5 16. d5 cxd5 17. Bxd5 Nb6 18. Bxb7 Ra7 19. Bf3 f5 20. Be2 Qf6 21. a5 Nd7 22.
Nd5 Qg5 23. Bc4 Kh8 24. f4 exf4 25. Nxf4 Rb7 26. Qd2 Qf6 27. Ne6 Re8 28. g4 Rxe6
29. Bxe6 Qxe6 30. Rc8+ Nf8 0-1

[Event "Challenge"]
[Site "http://www.queenalice.com/game.php?id=1272796"]
[Date "2014.4.13"]
[Round "-"]
[White "VFA2013"]
[Black "AlekinePb"]
[Result "1-0"]
[WhiteElo "1962"]
[BlackElo "1923"]

1. d4 Nf6 2. c4 e5 3. dxe5 Ng4 4. Nf3 Nc6 5. Nc3 Ngxe5 6. e3 Bb4 7. Bd2 O-O 8.
Be2 d6 9. O-O Bg4 10. h3 Bh5 11. Nxe5 Bxe2 12. Nxe2 dxe5 13. Bxb4 Nxb4 14. a3
Nc6 15. b4 a6 16. Nc3 Qh4 17. Qe2 Rad8 18. Nd5 Rd7 19. Rad1 Rfd8 20. f4 f6 21.
fxe5 Nxe5 22. Nf4 Qg3 23. Rxd7 Rxd7 24. Kh1 Rd3 25. Nxd3 Nxc4 26. Rf3 Qe5 27.
Nxe5 1-0

[Event "Challenge"]
[Site "http://www.queenalice.com/game.php?id=1272797"]
[Date "2014.4.13"]
[Round "-"]
[White "VFA2013"]
[Black "AlekinePb"]
[Result "0-1"]
[WhiteElo "1978"]
[BlackElo "1909"]

1. d4 d5 2. c4 e6 3. Nc3 Nf6 4. Bg5 b6 5. Nf3 Bb7 6. e3 Nbd7 7. cxd5 exd5 8. Bd3
Be7 9. O-O O-O 10. Rc1 c5 11. dxc5 bxc5 12. b3 Ne4 13. Bxe7 Qxe7 14. Qc2 f5 15.
Nb5 a6 16. Nc3 Rf6 17. Nd2 Ne5 18. Be2 Rc8 19. Ncxe4 fxe4 20. f3 exf3 21. Nxf3
Nxf3+ 22. Bxf3 Qxe3+ 23. Kh1 Ba8 24. Rce1 Qg5 25. Re7 Rxf3 26. Rxg7+ Kxg7 27.
Rxf3 Re8 28. Qf2 Qc1+ 0-1

[Event "RJGF"]
[Site "http://www.queenalice.com/game.php?id=1281246"]
[Date "2014.5.12"]
[Round "2"]
[White "VFA2013"]
[Black "Hucorov"]
[Result "1-0"]
[WhiteElo "1976"]
[BlackElo "1347"]

1. d4 d5 2. c4 Nf6 3. Nc3 e6 4. cxd5 exd5 5. e3 Bf5 6. Nf3 Nc6 7. Bb5 Qd7 8. Ne5
a6 9. Nxd7 Nxd7 10. Bxc6 bxc6 11. O-O 1-0

[Event "Challenge"]
[Site "http://www.queenalice.com/game.php?id=1296103"]
[Date "2014.7.20"]
[Round "-"]
[White "szybkielanie"]
[Black "VFA2013"]
[Result "1-0"]
[WhiteElo "2260"]
[BlackElo "1932"]

1. e4 e5 2. Nf3 Nc6 3. d4 exd4 4. Bc4 Bc5 5. c3 d3 6. b4 Bb6 7. a4 a6 8. Qb3 Qe7
9. O-O d6 10. Bxd3 Be6 11. Qc2 Nf6 12. Ba3 O-O 13. b5 1-0